| 000 | 00718nam a2200217Ii 4500 | ||
|---|---|---|---|
| 003 | JO-AjNU | ||
| 008 | 230605s9999||||xx |||||||||||||| ||und|| | ||
| 017 | _a1977/4237 | ||
| 040 |
_aJO-AjNU _bara _erda _cJO-AjNU |
||
| 041 | _aara | ||
| 050 | 1 | 4 | _aLA132.M876.1977 |
| 100 | 3 |
_aمرسي،محمد منير, _eauthor _97338 |
|
| 245 | 0 | 0 | _aدراسات في التربية المعاصرة |
| 250 | _aط1 | ||
| 264 | 3 | 1 | _aالقاهرة:دارالنهضة العربية'1977 |
| 300 | _a228ص | ||
| 336 |
_atext _btxt _2rdacontent |
||
| 337 |
_aunmediated _bn _2rdamedia |
||
| 338 |
_avolume _bnc _2rdacarrier |
||
| 650 | 4 |
_aتعليم عالي-التربية والتعليم-اليابان-تعليم صناعي _97339 |
|
| 999 |
_aA229 _c3797 _d3797 |
||